| 000 | 00361nam a2200145Ia 4500 | ||
|---|---|---|---|
| 005 | 20251222140040.0 | ||
| 008 | 251222s1900||||xx |||||||||||||| ||spa|| | ||
| 020 | _a84-600-8306-2 | ||
| 082 | _a128/G23E | ||
| 100 | _aGarcĂa Morente, Manuel | ||
| 245 | 0 | _aEnsayo Sobre la Vida Privada | |
| 250 | _a2a.ed. | ||
| 264 | _bUniversidad de Complutense | ||
| 942 | _cLIB | ||
| 999 |
_c3258 _d3258 |
||